Shaum's outline of theory and problems of software engineering / (Record no. 2243)
[ view plain ]
| 000 -LEADER | |
|---|---|
| fixed length control field | 01145nac a22002651u 4500 |
| 010 ## - LIBRARY OF CONGRESS CONTROL NUMBER | |
| LC control number | 2002510995 |
| 020 ## - INTERNATIONAL STANDARD BOOK NUMBER | |
| International Standard Book Number | 0071377948 |
| 035 ## - SYSTEM CONTROL NUMBER | |
| System control number | (OCoLC)ocm50181346 |
| 082 00 - DEWEY DECIMAL CLASSIFICATION NUMBER | |
| Classification number | 005.1 |
| Item number | G9781 |
| 090 ## - LOCALLY ASSIGNED LC-TYPE CALL NUMBER (OCLC); LOCAL CALL NUMBER (OCLC) | |
| -- | 2243 |
| -- | 2243 |
| 100 ## - MAIN ENTRY--PERSONAL NAME | |
| Personal name | Gustafson, David A. |
| 245 10 - TITLE STATEMENT | |
| Title | Shaum's outline of theory and problems of software engineering / |
| Statement of responsibility, etc | David A. Gustafson. |
| 246 30 - VARYING FORM OF TITLE | |
| Title proper/short title | Theory and problems of software engineering |
| 246 30 - VARYING FORM OF TITLE | |
| Title proper/short title | Software engineering |
| 260 ## - PUBLICATION, DISTRIBUTION, ETC. (IMPRINT) | |
| Place of publication, distribution, etc | New York : |
| Name of publisher, distributor, etc | McGraw-Hill,2002 |
| Date of publication, distribution, etc | 2002. |
| 300 ## - PHYSICAL DESCRIPTION | |
| Extent | ix, 223 p. : |
| Other physical details | ill. ; |
| Dimensions | 28 cm. |
| 490 0# - Series Statement | |
| Series statement | Schaum's outline series |
| 500 ## - GENERAL NOTE | |
| General note | "This book is intended to be used in conjunction with a textbook or lecture notes on software engineering"-- preface. |
| 500 ## - GENERAL NOTE | |
| General note | Includes index. |
| 650 #0 - SUBJECT ADDED ENTRY--TOPICAL TERM | |
| Topical term or geographic name as entry element | Software engineering. |
| 650 #0 - SUBJECT ADDED ENTRY--TOPICAL TERM | |
| Topical term or geographic name as entry element | Software engineering |
| Form subdivision | Problems, exercises, etc. |
| 856 42 - ELECTRONIC LOCATION AND ACCESS | |
| Materials specified | Publisher description |
| Uniform Resource Identifier | <a href="http://www.loc.gov/catdir/description/mh031/2002510995.html">http://www.loc.gov/catdir/description/mh031/2002510995.html</a> |
| 942 ## - ADDED ENTRY ELEMENTS (KOHA) | |
| Item type | Book - Borrowing |
| Call number prefix | 005.1G9781 |
| Withdrawn status | Item status | Damaged status | Not for loan | Home library | Current library | Shelving location | Date acquired | Source of acquisition | Total Checkouts | Total Renewals | Full call number | Barcode | Date last seen | Date last borrowed | Koha item type |
|---|---|---|---|---|---|---|---|---|---|---|---|---|---|---|---|
| Central Library | Central Library | Lower Floor | 07/02/2014 | Purchase | 3 | 16 | 005.1 GUS | 000002194 | 15/07/2025 | 01/08/2021 | Book - Borrowing |